Statistics for Closest Countries to Athens

Click here to take the quiz!

General Stats

  • This quiz has been taken 56 times
  • The average score is 14 of 15

Answer Stats

Distance (km) Country % Correct
499Albania
100%
819Turkey
100%
1,118Egypt
100%
744Romania
98%
806Serbia
98%
1,036Italy
98%
526Bulgaria
96%
1,078Croatia
94%
914Cyprus
92%
486Macedonia
88%
623Montenegro
86%
1,105Libya
84%
1,085Moldova
76%
847Malta
75%
791Bosnia and Herzegovina
73%

Score Distribution

Percentile by Number Answered

Percent of People with Each Score

Your Score History

You have not taken this quiz